Vista normal
Vista MARC
Entrada Nombre personal
Número de registros utilizados en: 3
001 - NÚMERO DE CONTROL
- Campo de control: 41085
003 - IDENTIFICADOR DE NÚMERO DE CONTROL
- Campo de control: OSt
005 - FECHA Y HORA DE LA ULTIMA MODIFICACION
- Campo de control: 20170424133256.0
008 - ELEMENTOS DE DATOS DE LONGITUD FIJA
- Campo de longitud fija: 170424|| aca||aabn | a|a d
040 ## - FUENTE DE LA CATALOGACIÓN
- Agencia original de catalogación: OSt
100 ## - ENCABEZAMIENTO--NOMBRE DE PERSONA
- Nombre personal: Cortes Amaya, Nubia Aracely
670 ## - FUENTE DE DATOS ENCONTRADOS
- Fuente de citación: Informe de investigación acción: Los efectos del clima organizacional en las actividades académicas del Instituto Nacional de Ilobasco, Enero-Junio 2010, 2017